000 00960nam a2200289 i 4500
001 94113
003 ES-MaACL
005 20250712063126.0
007 t|
008 050621s2005 sp ||||1| spa d
020 _a84-233-3664-6
080 _a929(100)"19":5/6(049.3)
080 _a001"19"
100 1 _aPunset, Eduardo,
_d1936-2019
_9241271
245 1 0 _aCara a cara con la vida, la mente y el universo :
_bconversaciones con los grandes científicos de nuestro tiempo /
_cEduardo Punset ; prólogo de Lynn Margulis.
260 _aBarcelona :
_bDestino,
_c2005.
300 _a419 p. :
_bil. ;
_c25 cm.
490 1 _aImago mundi ;
_v61
504 _aBibliografía: p. 415-[418]
650 4 _aCientíficos-
_xEntrevistas.
_911005
650 4 _aCiencia-
_yS.XX.
_910964
700 1 _aMargulis, Lynn.
_976641
830 1 0 _aImago mundi (Barcelona) ;
_v61
_9236939
852 4 _aES-MaACL
_jL-29183
942 _2udc
999 _c94113
_d94113